01202nam a2200313 a 4500001001200000003000800012006001900020007001500039008004100054010001700095020003000112020002700142020002700169040002100196035002100217050002500238082001200263245009100275260004900366300003600415504005100451533015200502650002000654655002900674700002300703710001700726856012600743999001900869ebr10680877CaPaEBRm u cr cn|||||||||080710s2009 nyua sb 001 0 eng d z 2008030433 z9781606920930 (hardcover) z1606920936 (hardcover) z9781617283956 (e-book) aCaPaEBRcCaPaEBR a(OCoLC)66245304414aHB172.5b.E53 2009eb04a33922200aEmerging topics in macroeconomicsh[electronic resource] /cRichard O. Bailly, editor. aNew York :bNova Science Publishers,cc2009. axiv, 362 p. :bill. (some col.) aIncludes bibliographical references and index. aElectronic reproduction.bPalo Alto, Calif. :cebrary,d2013.nAvailable via World Wide Web.nAccess may be limited to ebrary affiliated libraries. 0aMacroeconomics. 7aElectronic books.2local1 aBailly, Richard O.2 aebrary, Inc.40uhttp://site.ebrary.com/lib/rucke/Doc?id=10680877zAn electronic book accessible through the World Wide Web; click to view c156439d156439